000 00556nam a22001697a 4500
005 20250223114644.0
008 250223b |||||||| |||| 00| 0 eng d
020 _a9780205439980
050 _aRJ131
_b.B387
245 _aBerk Infants, Children, and Adolescents/
_bgrade aid workbook with practice tests
_cprepared by; JoDe Paladino, Laura E. Berk & Gabrielle Principe
260 _aBoston
_bPearson/A &B
_c2005
300 _ax. 362p.
_c27.5cm
700 _aPaladino, JoDe
700 _aBerk, Laura E.
700 _aPrincipe, Gabrielle
942 _2lcc
_cBK
_n0
999 _c4178
_d4178